00466 2200193 4500001002100000005001500021008004100036020002200077035001900099041000700118082000800125090001400133100001500147245003200162260002600194300002700220500001000247650001500257INLIS00000000000201020241224112446241224||||||||| | ||| |||| || |  a978-602-8023-78-8 0010-1224002010 aid0 a580 a580 TIM t0 aTim Nuansa00aEnsiklopedi Sains: Tumbuhan aBandungbNuansac2008 a64 hlm.: ilus,; 23 cm. aCet.1 0aIlmu Murni